Report on public sector undertakings, October 1967. (Record no. 80243)

MARC details
000 -LEADER
fixed length control field 00627cam a22002171 4500
001 - CONTROL NUMBER
control field sa 68004632
003 - CONTROL NUMBER IDENTIFIER
control field DLC
005 - DATE AND TIME OF LATEST TRANSACTION
control field 20260227112502.0
008 - FIXED-LENGTH DATA ELEMENTS--GENERAL INFORMATION
fixed length control field 711028s1967 ii 00000beng
010 ## - LIBRARY OF CONGRESS CONTROL NUMBER
LC control number sa 68004632 //r84
025 ## - OVERSEAS ACQUISITION NUMBER
Overseas acquisition number PL480:I-E-9461
043 ## - GEOGRAPHIC AREA CODE
Geographic area code a-ii---
050 0# - LIBRARY OF CONGRESS CALL NUMBER
Classification number HD4293
Item number .I5
082 ## - DEWEY DECIMAL CLASSIFICATION NUMBER
Classification number 354.54/092
110 10 - MAIN ENTRY--CORPORATE NAME
Corporate name or jurisdiction name as entry element India.
Subordinate unit Administrative Reforms Commission.
245 10 - TITLE STATEMENT
Title Report on public sector undertakings, October 1967.
260 0# - PUBLICATION, DISTRIBUTION, ETC.
Place of publication, distribution, etc. Delhi,
Name of publisher, distributor, etc. Manager of Publications,
Date of publication, distribution, etc. 1967.
300 ## - PHYSICAL DESCRIPTION
Extent iii, 123 p.
Dimensions 24 cm.
350 ## - PRICE (NR) (BK AM CF MU VM SE) [OBSOLETE]
Price Rs2.90
-- $1.00
650 #0 - SUBJECT ADDED ENTRY--TOPICAL TERM
Topical term or geographic name entry element Government business enterprises
Geographic subdivision India.

No items available.

Powered by Koha